000 00889nam a2200241Ia 4500
003 OSt
005 20220923225512.0
006 a|||||r|||| 00| 0
007 ta
008 220922b |||||||| |||| 00| 0 urd d
024 _a269,529
037 _cTextual
040 _aARTS
_cARTS
_burd
041 _2urd
_aurd
082 _aO168,1xN, 152K5
100 _aफैज अहमद फैज; मखमूर जालंधरी
_9168657
245 0 _aस्वतन्त्रता के बाद की सर्वश्रेष्ठ उर्दू शायरी
246 _aSvatantratā ke bād kī sarvashreṣhṭha urdū shāyarī
260 _c1965
650 _aउर्दू साहित्य
942 _hO168,1xN, 152K5
_cTEXL
_2CC
999 _c378657
_d378657